000 01250nam a2200325 4500
001 0000016944
003 CO-CtgCURN
005 20260311191304.0
007 ta
008 160627s1994 000 0 eng d
020 _a8475091466
040 _aCO-CtgCURN
_bspa
_ccoctgcurn
082 0 _a501
_bP66c
100 1 _aPopper, Karl R.
245 1 0 _aConjeturas y refutaciones :
_bel desarrollo del conocimiento cientifico /
_cKarl R. Popper , Nestor Miguez.
260 _aMadrid :
_bEdiciones Paidos,
_c1994.
300 _a513 p.
336 _2rdacontent
337 _2rdamedia
_asin mediacion
_bn
338 _2rdacarrier
_avolumen
_bnc
500 _aIncluye indice.
505 8 _aCiencia.--Refutaciones.--Utopia y violencia.--Humanismo y razon.--Filosofia de la ciencia.--Teoria del conocimiento.--La historia de nuestro tiempo una vision optimista.--Lenguajes artificiales versus lenguajes formalizados
590 _aEpistemología de la Investigación (Enfermería)
590 _aEpistemología de la Investigación (Odontología)
650 1 4 _aFilosofia de la ciencia.
700 1 _aMiguez, Nestor A.
908 _a160627
942 _cBK
_h501
_iP66c
_2ddc
999 _c20679
_d20679